000 01158cad a22002535a 4500
001 L156723
008 120629s2012 xxk f 000 0 eng d
035 _a(Sirsi) u156723
041 0 _aeng
110 2 _aConsumer Focus
_95920
245 0 0 _aSecuring the UK's power supplies
_bHow to do it successfully, sustainably and cost effectively
_h[electronic resource]
260 _aLondon
_bConsumer Focus
_c2012
520 _aReport criticises the Government's draft Energy Bill and existing energy efficiency policies in their current state which it is claimed will fail to deliver a secure, clean and affordable power sector for the UK as the Green Deal and ECO are not sufficient to meet the challenge of eliminating fuel poverty and ensuring affordabillity for all.
590 _aKA NTK
651 4 _aUnited Kingdom
690 _aEnergy
_96237
690 _aSustainability
_96271
710 1 _aSSE
710 1 _aUniversity of Exeter
710 1 _aConsumer Focus
_95920
710 1 _aWWF-UK
856 4 0 _uhttps://assets.wwf.org.uk/downloads/power_supplies_communique.pdf
_zView the report free of charge at www.heep://assets.wwf.org.uk
942 _n0
999 _c114387
_d114387